Poprad letisko, v pozadí Vysoké Tatry : Námestie Duklianskych hrdinov : Spišská Sobota

Zobrazenie: pohľad na letisko, námestie a Spišskú Sobotu

Bibliographic Details
Other Authors: Jiroušek, Alexander, 1934-2021 (Photographer), Vrbovský, František (fotograf) (Photographer), Heckelová E. (fotografka) (Photographer)
Format: Photo
Language:Slovak
PhysicalDescription:1 pohľadnica (4 čiastkové pohľady) farebná 11 x 15 cm
Published: Bratislava ČSTK-Pressfoto 1988
Subjects:

MARC

LEADER 00000ckm a2200000 a 4500
001 vtls001202460
003 SK-MaSNL
005 20260331202632.0
007 kf co
008 240131s1988 xo g 0kuslo
015 |a SNBG1988 
035 |a SNK000145530 
035 |a urn:nbn:sk:snk-km004z60 
035 |a E9175A1D-192B-40D4-9AC6-24C26B92B403 
035 |a urn:nbn:sk:snk-kmtfgx 
040 |a SNK  |b slo  |c SNK  |e AACR2 
041 0 |a slo 
043 |a e-xo--- 
044 |a xo  |c SK 
072 7 |a 913  |x Regionálna geografia  |2 konspekt 
080 |a 913(437.6)  |2 2011 
080 |a 908(437.6)  |2 2011 
080 |a 904(084.121)  |2 2011 
080 |a 913.(437.6)  |2 2001 
080 |a (084.121)  |2 2001 
100 1 |a Jiroušek, Alexander,  |d 1934-2021  |4 pht  |9 223957 
245 1 0 |a Poprad  |h grafika  |b letisko, v pozadí Vysoké Tatry : Námestie Duklianskych hrdinov : Spišská Sobota  |c foto: A. Jiroušek, F. Vrbovský, E. Heckelová ; výtvarný návrh: Ľ. Rázusová 
246 1 |i Názov na obrazovej časti:  |a Poprad 
260 |a Bratislava  |b ČSTK-Pressfoto  |c 1988  |e Skalica  |f Grafobal 
300 |a 1 pohľadnica (4 čiastkové pohľady)  |b farebná  |c 11 x 15 cm 
520 8 |a Zobrazenie: pohľad na letisko, námestie a Spišskú Sobotu 
651 7 |a Poprad (Slovensko)  |2 SNKPHgeo  |9 20155 
651 7 |a Spišská Sobota (Poprad, Slovensko)  |2 SNKPHgeo  |9 54498 
655 7 |a miestne pohľadnice  |2 SNKPH  |9 70510 
655 7 |a geografické pohľadnice  |2 SNKPH  |9 70522 
655 7 |a pohľadnice kultúrnych pamiatok  |2 SNKPH  |9 70523 
700 1 |a Vrbovský, František  |c (fotograf)  |4 pht  |9 283300 
700 1 |a Heckelová E.  |c (fotografka)  |4 pht  |9 444336 
700 1 |a Rázusová, Ľubica  |c (grafička)  |4 art  |9 283298 
852 |a Slovenská národná knižnica 
954 |a pohľadnice pôvodné (slovenské)  |2 lita 
958 |a GBN 
958 |a GC 
958 |a OND 
958 |a EUIPO 
999 |c 699413  |d 701343 
952 |a SNK  |b SNK  |y PREZ  |7 0  |p 17A1289446  |o snkSP 139914  |i snk2717/88  |0 0  |1 0  |4 0  |d 2021-10-22  |l 0  |r 2026-02-23 20:53:14  |w 2026-02-23 
952 |a SNK  |b SNK  |y PREZ  |7 0  |p 17A0473733  |o snkSP 139914 D1  |i snk2718/88  |0 0  |1 0  |4 0  |d 2005-07-07  |f 1  |l 0  |r 2026-02-23 20:53:14  |w 2026-02-23